Religion Quiz

Random Religion or Church Quiz
Score 0/15 Timer 04:00
0 Plays Today
% Correct
Lakewood Church
44.5%
Christian Cultural Center
38.4%
FaithChurch.com
32.9%
Saddleback Church
29%
Hillsong Church
23.8%
Gateway Church
23.5%
Potter's House
23%
Thomas Road Baptist Church
19.5%
% Correct
Redeemer Presbyterian Church
19.1%
Willow Creek Community Church
18.8%
North Point Community Church
16.4%
Prestonwood Baptist Church
15.1%
Shadow Mountain Community Church
13.9%
New Season Christian Worship Center
9.1%
The Rock Church
7.6%
Remove Ads.
Support Sporcle.
Get the best of Sporcle when you Go Orange. This ad-free experience offers more features, more stats, and more fun while also helping to support Sporcle. Thank you for becoming a member.

You're not logged in!

Compare scores with friends on all Sporcle quizzes.
OR
Log In

Sporcle TV

Today on Sporcle TV


Watch our educational content, quiz creation guides, and fun videos on Sporcle TV.

Show Comments

Extras

Top Quizzes Today


Score Distribution

Paid Content

Your Account Isn't Verified!

In order to create a playlist on Sporcle, you need to verify the email address you used during registration. Go to your Sporcle Settings to finish the process.

Report this User

Report this user for behavior that violates our Community Guidelines.

Details: